Vật lý đại cương T.1

Nội dung trình bày những vấn đề cơ bản và quan trọng của vật lý đại cương, cũng như một số thành tựu đặc sắc của vật lý hiện đại.

Bewaard in:
Bibliografische gegevens
Hoofdauteur: Cao, Long Vân
Formaat: Boek
Taal:Undetermined
Gepubliceerd in: H. Giáo dục 2008
Onderwerpen:
Online toegang:http://lrc.tdmu.edu.vn/opac/search/detail.asp?aID=2&ID=15550
Tags: Voeg label toe
Geen labels, Wees de eerste die dit record labelt!
Thư viện lưu trữ: Trung tâm Học liệu Trường Đại học Thủ Dầu Một
LEADER 00989nam a2200229Ia 4500
001 TDMU_15550
008 210410s9999 xx 000 0 und d
082 |a 530 
090 |b C108 
100 |a Cao, Long Vân 
245 0 |a Vật lý đại cương 
245 0 |c Cao Long Vân 
245 0 |n T.1 
245 0 |p Cơ - Nhiệt - Điện - Dao động - Sóng 
260 |a H. 
260 |b Giáo dục 
260 |c 2008 
300 |a 399tr. 
520 |a Nội dung trình bày những vấn đề cơ bản và quan trọng của vật lý đại cương, cũng như một số thành tựu đặc sắc của vật lý hiện đại. 
650 |a Vật lý học  |x Học tập và giảng dạy; Điện học (vật lý); Dao động (vật lý); Cơ học ; Nhiệt 
856 |u http://lrc.tdmu.edu.vn/opac/search/detail.asp?aID=2&ID=15550 
980 |a Trung tâm Học liệu Trường Đại học Thủ Dầu Một